Normal view
MARC view
- Javed Iqbal
Entry Personal Name
001 - CONTROL NUMBER
- control field: 9440
003 - CONTROL NUMBER IDENTIFIER
- control field: NUST
005 - DATE AND TIME OF LATEST TRANSACTION
- control field: 20180122101354.0
008 - FIXED-LENGTH DATA ELEMENTS
- fixed length control field: 180122|| aca||aabn | a|a d
040 ## - CATALOGING SOURCE
- Original cataloging agency: NUST
- Transcribing agency: NUST
100 ## - HEADING--PERSONAL NAME
- Personal name: Javed Iqbal
670 ## - SOURCE DATA FOUND
- Source citation: Work cat.: (NUST)321318: Javed Iqbal, Allergy Guide, 2010
